Systemes fonciers et réformes agraires en Afrique noire
সংরক্ষণ করুন:
| প্রধান লেখক: | |
|---|---|
| বিন্যাস: | গ্রন্থ |
| ভাষা: | ফরাসি |
| প্রকাশিত: |
París
R. Pichon et R. Durand-Auzias
1968
|
| বিষয়গুলি: | |
| ট্যাগগুলো: |
ট্যাগ যুক্ত করুন
কোনো ট্যাগ নেই, প্রথমজন হিসাবে ট্যাগ করুন!
|
MARC
| LEADER | 00000nam a2200000 a 4500 | ||
|---|---|---|---|
| 001 | UCV1712 | ||
| 003 | CL-VaPUC | ||
| 008 | 901112e19680000FR |||||||||||||||||fre|d | ||
| 082 | 0 | 4 | |a 346.044 |b BAC |2 21 |
| 100 | 0 | |a Bachelet, Michel |e author |9 295952 | |
| 245 | 1 | 0 | |a Systemes fonciers et réformes agraires en Afrique noire |
| 300 | |a 677 p | ||
| 942 | |c BK | ||
| 945 | |d 19901112 00:00:00 | ||
| 260 | |a París |b R. Pichon et R. Durand-Auzias |c 1968 | ||
| 650 | 0 | |a REFORMA AGRARIA |9 256789 | |
| 651 | 0 | |a África |9 256790 | |
| 583 | |a last modification |c 19901112 00:00:00 |k Rodrigo Vera | ||
| 999 | |c 209565 |d 209563 | ||
| 952 | |0 0 |1 0 |4 0 |6 346_044000000000000_BAC_1968 |7 0 |8 P |9 185050 |a BIBDER |b BIBDER |d 2019-11-14 |i 2524317 |o 346.044 BAC 1968 |p 2524317 |r 2023-01-25 |w 2019-11-14 |y BK |k DER | ||